Got a Match? Quiz Stats

 Plays Quiz Updated Apr 30, 2013

Challenge
Share
Tweet
Embed
Score 0/18 Timer 02:00
1 Play Today
% Correct
Heaven
98.7%
Meet
94.2%
Maker
92.9%
Century
92.5%
Mis
92%
Point
91.9%
Color
85.4%
Play
82.8%
Twenty
81.3%
% Correct
Book
75.9%
Game
74.6%
Stick
71.1%
Girl
70.5%
Head
69%
Gift
63.5%
Safety
55.3%
Rubber
47.4%
Three
44.7%

You're not logged in!

Compare scores with friends on all Sporcle quizzes.
OR
Log In

You Might Also Like...

Show Comments

Extras

Top Quizzes Today


Score Distribution

Your Account Isn't Verified!

In order to create a playlist on Sporcle, you need to verify the email address you used during registration. Go to your Sporcle Settings to finish the process.

Report this User

Report this user for behavior that violates our Community Guidelines.

Details: